000 01106cab a2200169 4500
001 ##L132987
008 060330n2006 000 0 eng u
035 _a(Sirsi) u132987
041 0 _aeng
100 1 _aSemple, David
245 0 0 _aWhy mediation is a bad idea and other myths
260 _c2006
490 0 _aJournal of the Law Society of Scotland
_v51(1) January 2006, 24-25(2)
520 _aThis article attempts to dispels some popular misconceptions relating to mediation. The misconceptions examined are that mediation is suitable for every dispute, that lawyers don't like mediation because they think their fee will be smaller, that mediation will work at any time, that only compulsory mediation works, that mediation settlements ignore the law, that mediation meetings become shouting matches, that mediation is only useful in straightforward cases, and that mediation deprives the client of his day in court.
690 _aMANAGEMENT-DISPUTE AVOIDANCE, MANAGEMENT AND RESOLUTION-DISPUTE MANAGEMENT AND RESOLUTION-ALTERNATIVE DISPUTE RESOLUTION-ASSISTED NEGOTIATION-MEDIATION
942 _n0
999 _c76735
_d76735